[Event "BI-2012-P-00013"]
[Site "LSS email"]
[Date "2012.04.20"]
[Round "?"]
[White "Bossi, Noemi"]
[Black "Shelykalin, Vjacheslav"]
[Result "0-1"]
[WhiteElo "1460"]
[BlackElo "2100"]
[PlyCount "36"]
[EventDate "2012.04.22"]
[EventType "tourn (corr)"]
[EventRounds "10"]
[EventCountry "GER"]
[SourceTitle "Corr 2015"]
[Source "ChessBase"]
[SourceDate "2015.07.17"]
[SourceVersion "1"]
[SourceVersionDate "2015.07.17"]
[SourceQuality "1"]

1. g3 d5 2. Bg2 e5 3. Nf3 e4 4. Nd4 c5 5. Nb3 c4 6. Nd4 Bc5 7. e3 Nf6 8. 0-0 Bg4 9. f3 exf3 10. Nxf3 0-0 11. h3 Be6 12. d4 cxd3 13. cxd3 Nh5 14. g4 Ng3 15. Rf2 Nc6 16. Nc3 f5 17. g5 Bf7 18. Na4 Bd6 0-1

[Event "BI-2012-P-00013"]
[Site "LSS email"]
[Date "2012.04.20"]
[Round "?"]
[White "Shelykalin, Vjacheslav"]
[Black "Sidenko, Anatoly Viktorovich"]
[Result "1/2-1/2"]
[WhiteElo "2100"]
[BlackElo "2328"]
[PlyCount "45"]
[EventDate "2012.04.22"]
[EventType "tourn (corr)"]
[EventRounds "10"]
[EventCountry "GER"]
[SourceTitle "Telechess CBM 165"]
[Source "ChessBase"]
[SourceDate "2015.03.11"]
[SourceVersion "1"]
[SourceVersionDate "2015.03.11"]
[SourceQuality "1"]

1. d4 Nf6 2. c4 e6 3. Nf3 b6 4. g3 c5 5. Bg2 Bb7 6. d5 exd5 7. Nh4 g6 8. 0-0 Bg7 9. Nc3 d6 10. Bg5 Qd7 11. Bxf6 Bxf6 12. Bxd5 Nc6 13. Nf3 Bxc3 14. bxc3 0-0 15. e4 Rae8 16. Nd2 Ne5 17. f4 Ng4 18. Qf3 Bxd5 19. cxd5 f5 20. Rae1 Nf6 21. c4 fxe4 22. Nxe4 Nxe4 23. Rxe4 1/2-1/2

[Event "WC-2016-P-00014"]
[Site "LSS email"]
[Date "2012.02.12"]
[Round "?"]
[White "Shelykalin, Vjacheslav"]
[Black "Vodicka, Milan"]
[Result "1-0"]
[WhiteElo "2109"]
[BlackElo "1967"]
[PlyCount "65"]
[EventDate "2012.02.15"]
[EventType "tourn (corr)"]
[EventRounds "12"]
[EventCountry "GER"]
[SourceTitle "Telechess CBM 159"]
[Source "ChessBase"]
[SourceDate "2014.03.17"]
[SourceVersion "1"]
[SourceVersionDate "2014.03.17"]
[SourceQuality "1"]

1. d4 d5 2. c4 c6 3. Nf3 Nf6 4. e3 a6 5. Bd3 Bg4 6. h3 Bh5 7. 0-0 e6 8. Nbd2 Nbd7 9. b3 Bb4 10. Qc2 Rc8 11. Bb2 0-0 12. Rfc1 Ne4 13. Bxe4 dxe4 14. Qxe4 Bg6 15. Qg4 Nf6 16. Qf4 Bd6 17. Qg5 h6 18. Qh4 c5 19. d5 Be7 20. dxe6 Ne4 21. Qg4 h5 22. exf7+ Kh7 23. Qxg6+ Kxg6 24. Ne5+ Kh6 25. Nxe4 Qc7 26. Rd1 Rcd8 27. Rd5 b5 28. Rad1 Qa5 29. Nc3 Rxd5 30. cxd5 Bd6 31. f4 h4 32. Nc6 Qc7 33. Ne4 1-0

[Event "RA-2011-0-00161"]
[Site "LSS email"]
[Date "2011.11.06"]
[Round "?"]
[White "Shelykalin, Vjacheslav"]
[Black "Salas Romero, Santiago"]
[Result "1/2-1/2"]
[WhiteElo "2089"]
[BlackElo "2082"]
[PlyCount "85"]
[EventDate "2011.10.23"]
[EventType "tourn (corr)"]
[EventRounds "6"]
[EventCountry "GER"]
[SourceTitle "Telechess CBM 157"]
[Source "ChessBase"]
[SourceDate "2013.11.12"]
[SourceVersion "1"]
[SourceVersionDate "2013.11.12"]
[SourceQuality "1"]

1. d4 Nf6 2. c4 e6 3. Nf3 d5 4. g3 dxc4 5. Bg2 Nc6 6. Qa4 Bb4+ 7. Bd2 Nd5 8. Bxb4 Ndxb4 9. 0-0 Rb8 10. Na3 0-0 11. Qb5 b6 12. Qxc4 Ba6 13. Nb5 Qd5 14. Qxd5 Nxd5 15. a4 Na5 16. Ne5 Rbd8 17. Nxa7 Nb4 18. Rac1 Rxd4 19. Rxc7 Bxe2 20. Rfc1 f6 21. Nec6 Nbxc6 22. Nxc6 Nxc6 23. R7xc6 Rfd8 24. h3 R8d6 25. Rxd6 Rxd6 26. b4 Rd4 27. Rc2 Bd1 28. Rc8+ Kf7 29. a5 bxa5 30. bxa5 Ra4 31. Ra8 Be2 32. Bb7 Ke7 33. a6 Bb5 34. a7 g6 35. Kh2 Bd7 36. h4 Kd6 37. g4 Ra2 38. Bg2 Ra5 39. Rh8 Rxa7 40. Rxh7 Ra4 41. f3 Be8 42. Kg3 Ra5 43. Rh8 1/2-1/2

[Event "CP-2011-P-00050"]
[Site "LSS email"]
[Date "2011.09.30"]
[Round "?"]
[White "Molina, Vicente Andres"]
[Black "Shelykalin, Vjacheslav"]
[Result "0-1"]
[WhiteElo "830"]
[BlackElo "2086"]
[PlyCount "68"]
[EventDate "2011.10.01"]
[EventType "tourn (corr)"]
[EventRounds "6"]
[EventCountry "GER"]
[SourceTitle "Telechess CBM 165"]
[Source "ChessBase"]
[SourceDate "2015.03.11"]
[SourceVersion "1"]
[SourceVersionDate "2015.03.11"]
[SourceQuality "1"]

1. e4 c5 2. Nf3 d6 3. d3 e5 4. g3 Nf6 5. Bg2 Be7 6. 0-0 0-0 7. h3 h6 8. Nbd2 Be6 9. c3 Nc6 10. Re1 Qd7 11. Kh2 Rad8 12. Nf1 Qc7 13. Ne3 d5 14. exd5 Nxd5 15. d4 Nxe3 16. Bxe3 cxd4 17. cxd4 exd4 18. Bf4 Qb6 19. Rb1 Bxa2 20. Rc1 Bb4 21. Re4 Bd5 22. Re2 Bxf3 23. Bxf3 d3 24. Re4 d2 25. Rcc4 Qxf2+ 26. Bg2 Qe1 27. Rxe1 dxe1Q 28. Qxe1 Bxe1 29. Bc7 Rd7 30. Bf4 g5 31. Bc1 Re8 32. Kg1 Bxg3 33. Bxc6 bxc6 34. Rxc6 Re2 0-1

[Event "CP-2011-P-00050"]
[Site "LSS email"]
[Date "2011.09.30"]
[Round "?"]
[White "Shelykalin, Vjacheslav"]
[Black "Nielsen, Bjarne"]
[Result "1-0"]
[WhiteElo "2086"]
[BlackElo "1912"]
[PlyCount "69"]
[EventDate "2011.10.01"]
[EventType "tourn (corr)"]
[EventRounds "6"]
[EventCountry "GER"]
[SourceTitle "Telechess CBM 165"]
[Source "ChessBase"]
[SourceDate "2015.03.11"]
[SourceVersion "1"]
[SourceVersionDate "2015.03.11"]
[SourceQuality "1"]

1. d4 d5 2. c4 e6 3. Nf3 Nf6 4. g3 Bb4+ 5. Bd2 Be7 6. Bg2 0-0 7. 0-0 c6 8. Qc2 b6 9. Nc3 Ba6 10. cxd5 cxd5 11. Ne5 Nfd7 12. Nxd5 exd5 13. Nxf7 Rxf7 14. Bxd5 Nc6 15. Bxf7+ Kxf7 16. Qxc6 Nf6 17. Rfe1 Rc8 18. Qa4 Bc4 19. b3 Be6 20. Rac1 a5 21. Red1 Rxc1 22. Rxc1 Qd5 23. Qc4 Qe4 24. f3 Bxc4 25. fxe4 Bxe2 26. Bg5 Nxe4 27. Bxe7 Kxe7 28. Rc6 Bd1 29. Rxb6 Nc3 30. Rb7+ Kf6 31. a4 Ne2+ 32. Kf2 Nxd4 33. b4 axb4 34. a5 Nc6 35. a6 1-0

[Event "CP-2011-P-00050"]
[Site "LSS email"]
[Date "2011.09.30"]
[Round "?"]
[White "Shelykalin, Vjacheslav"]
[Black "Ulasevich, Sergei"]
[Result "1/2-1/2"]
[WhiteElo "2086"]
[BlackElo "2292"]
[PlyCount "70"]
[EventDate "2011.10.01"]
[EventType "tourn (corr)"]
[EventRounds "6"]
[EventCountry "GER"]
[SourceTitle "Telechess CBM 165"]
[Source "ChessBase"]
[SourceDate "2015.03.11"]
[SourceVersion "1"]
[SourceVersionDate "2015.03.11"]
[SourceQuality "1"]

1. d4 Nf6 2. c4 g6 3. g3 Bg7 4. Bg2 0-0 5. Nf3 d6 6. Nc3 c6 7. 0-0 Qb6 8. b3 e5 9. d5 cxd5 10. cxd5 Bd7 11. Be3 Qd8 12. Rc1 Na6 13. h3 Nh5 14. Ne4 Qe7 15. Qd2 Rfe8 16. Rfe1 f5 17. Neg5 h6 18. Ne6 g5 19. g4 fxg4 20. hxg4 Nf6 21. Red1 b6 22. Nh2 Bxe6 23. dxe6 d5 24. Nf3 Qxe6 25. Nxe5 Nc5 26. Nf3 Rad8 27. Bh3 Qf7 28. Nd4 h5 29. Nf5 hxg4 30. Nxg7 Nce4 31. Nxe8 Nxd2 32. Nxf6+ Qxf6 33. Bxg4 Ne4 34. Rd4 Qd6 35. Bf3 Qe7 1/2-1/2

[Event "BI-2011-P-00030"]
[Site "LSS email"]
[Date "2011.04.17"]
[Round "?"]
[White "Andersen, Lars Kirstein"]
[Black "Shelykalin, Vjacheslav"]
[Result "0-1"]
[WhiteElo "1957"]
[BlackElo "2104"]
[PlyCount "134"]
[EventDate "2011.04.20"]
[EventType "tourn (corr)"]
[EventRounds "10"]
[EventCountry "GER"]
[SourceTitle "Telechess CBM 155"]
[Source "ChessBase"]
[SourceDate "2013.07.16"]
[SourceVersion "1"]
[SourceVersionDate "2013.07.16"]
[SourceQuality "1"]

1. Nf3 Nf6 2. c4 e6 3. Nc3 d5 4. d4 c6 5. e3 Nbd7 6. Bd3 dxc4 7. Bxc4 b5 8. Bd3 Bb7 9. 0-0 a6 10. a4 b4 11. Nb1 c5 12. Nbd2 Be7 13. Qe2 Qc7 14. a5 0-0 15. Re1 Rfd8 16. Nc4 Be4 17. b3 Bxd3 18. Qxd3 Rac8 19. Qc2 Nd5 20. Bd2 cxd4 21. exd4 Nb8 22. Rec1 Nc6 23. Qe4 Qb7 24. h3 Nf6 25. Qe3 h6 26. Nce5 Nxe5 27. Nxe5 Bd6 28. Nc4 Bf8 29. Ne5 Ne4 30. Rxc8 Rxc8 31. Qf3 Rc7 32. Be3 Rc3 33. Nxf7 Qxf7 34. Qxe4 Rxb3 35. Qa8 Ra3 36. Rb1 Ra4 37. Qxa6 Qf5 38. Rb2 Qd5 39. Bf4 Rxa5 40. Qd3 Ra1+ 41. Kh2 Ra2 42. Rxa2 Qxa2 43. Qg6 Qc4 44. Qe8 Qd5 45. f3 b3 46. Bc1 Qf5 47. Qb8 Qa5 48. Qc8 Kf7 49. Qd7+ Be7 50. Bb2 h5 51. Qb7 h4 52. Qd7 Qa6 53. f4 Qd6 54. Qb7 Qd5 55. Qc7 Kf6 56. Kg1 Bd6 57. Qd8+ Kf7 58. Qxh4 Qf5 59. Qf2 Bxf4 60. Qf3 Qb1+ 61. Qf1 Qe4 62. g3 Qe3+ 63. Qf2 Qxg3+ 64. Qxg3 Bxg3 65. Kg2 Bh4 66. Kf3 Bf6 67. Kf4 g5+ 0-1

[Event "BI-2011-P-00030"]
[Site "LSS email"]
[Date "2011.04.17"]
[Round "?"]
[White "Both, Erik"]
[Black "Shelykalin, Vjacheslav"]
[Result "0-1"]
[WhiteElo "2142"]
[BlackElo "2104"]
[PlyCount "76"]
[EventDate "2011.04.20"]
[EventType "tourn (corr)"]
[EventRounds "10"]
[EventCountry "GER"]
[SourceTitle "Telechess CBM 155"]
[Source "ChessBase"]
[SourceDate "2013.07.16"]
[SourceVersion "1"]
[SourceVersionDate "2013.07.16"]
[SourceQuality "1"]

1. e4 c5 2. Nf3 d6 3. d4 cxd4 4. Nxd4 Nf6 5. Nc3 a6 6. Bc4 e6 7. 0-0 Qc7 8. Bb3 Be7 9. f4 Nbd7 10. f5 Nc5 11. fxe6 fxe6 12. Bg5 0-0 13. Nf5 Bd8 14. Nd4 Bd7 15. Kh1 Rc8 16. Rc1 Rf7 17. Qe2 Qa5 18. Bh4 b5 19. a3 b4 20. axb4 Qxb4 21. Rcd1 Be7 22. Rf3 Nxb3 23. cxb3 a5 24. h3 Rcf8 25. e5 dxe5 26. Bxf6 Bxf6 27. Nc2 Qxb3 28. Na3 Bc6 29. Ne4 Qb4 30. Nc4 Be7 31. Rxf7 Rxf7 32. Nc3 Bb7 33. Nxe5 Qh4 34. Qg4 Qxg4 35. Nxg4 h5 36. Ne3 Bg5 37. Rd3 Rf2 38. Ncd1 Re2 0-1

[Event "BI-2011-P-00030"]
[Site "LSS email"]
[Date "2011.04.17"]
[Round "?"]
[White "Iacobitz, Lucian Valentin"]
[Black "Shelykalin, Vjacheslav"]
[Result "0-1"]
[WhiteElo "1920"]
[BlackElo "2104"]
[PlyCount "98"]
[EventDate "2011.04.20"]
[EventType "tourn (corr)"]
[EventRounds "10"]
[EventCountry "GER"]
[SourceTitle "Telechess CBM 155"]
[Source "ChessBase"]
[SourceDate "2013.07.16"]
[SourceVersion "1"]
[SourceVersionDate "2013.07.16"]
[SourceQuality "1"]

1. e4 c5 2. Nf3 d6 3. d4 cxd4 4. Nxd4 Nf6 5. Nc3 a6 6. Bg5 e6 7. f4 Qb6 8. Qd2 Qxb2 9. Rb1 Qa3 10. f5 Nc6 11. fxe6 fxe6 12. Nxc6 bxc6 13. e5 dxe5 14. Bxf6 gxf6 15. Ne4 Be7 16. Be2 h5 17. Rb3 Qa4 18. Nxf6+ Bxf6 19. c4 Bh4+ 20. g3 Be7 21. 0-0 h4 22. Bd3 Rg8 23. Qf2 Kd7 24. Rd1 Qa5 25. Bh7+ Kc7 26. Bxg8 Bc5 27. Re3 Bd7 28. Kg2 Rf8 29. Qe2 Rxg8 30. Rb3 Bd4 31. Rdb1 hxg3 32. Rb7+ Kd8 33. Rb8+ Bc8 34. hxg3 e4 35. Qxe4 Qd2+ 36. Kh3 Rh8+ 37. Kg4 Ke7 38. R1b7+ Bxb7 39. Rxh8 Bxh8 40. Qh7+ Kd6 41. Qxb7 Qc3 42. Qb8+ Kc5 43. Qa7+ Kxc4 44. Qxa6+ Kd5 45. Qe2 Qc4+ 46. Kf3 Qxe2+ 47. Kxe2 c5 48. Kd2 Kd4 49. g4 Bf6 0-1

[Event "BI-2011-P-00030"]
[Site "LSS email"]
[Date "2011.04.17"]
[Round "?"]
[White "Shelykalin, Vjacheslav"]
[Black "Just, Bent"]
[Result "1-0"]
[WhiteElo "2104"]
[BlackElo "1611"]
[PlyCount "87"]
[EventDate "2011.04.20"]
[EventType "tourn (corr)"]
[EventRounds "10"]
[EventCountry "GER"]
[SourceTitle "Telechess CBM 157"]
[Source "ChessBase"]
[SourceDate "2013.11.12"]
[SourceVersion "1"]
[SourceVersionDate "2013.11.12"]
[SourceQuality "1"]

1. d4 d5 2. c4 e6 3. Nc3 Nf6 4. Nf3 Be7 5. Bf4 0-0 6. e3 c5 7. dxc5 Bxc5 8. Bd3 dxc4 9. Bxc4 a6 10. Bd3 Nc6 11. a3 h6 12. Qc2 Bd6 13. Bxd6 Qxd6 14. 0-0 Ne5 15. Be2 Bd7 16. Rad1 Nxf3+ 17. Bxf3 Qc7 18. Rd4 Rfd8 19. Rfd1 Bc6 20. Ne2 e5 21. Rxd8+ Rxd8 22. Rxd8+ Qxd8 23. Bxc6 bxc6 24. h3 g6 25. Nc1 Qd5 26. Nd3 Qe4 27. Qc3 Nd5 28. Qd2 Kg7 29. Nc5 Qb1+ 30. Kh2 Qf1 31. Nd7 f6 32. Qc2 Qb5 33. b4 Kf7 34. h4 h5 35. Nc5 a5 36. Ne4 Ke7 37. bxa5 Kd7 38. a6 Kc7 39. a7 Qa5 40. Qc5 Qxc5 41. Nxc5 Nb6 42. Kg3 Kd6 43. Ne4+ Ke7 44. Kf3 1-0

[Event "BI-2011-P-00030"]
[Site "LSS email"]
[Date "2011.04.17"]
[Round "?"]
[White "Shelykalin, Vjacheslav"]
[Black "Schnoewitz, Brigitte"]
[Result "1-0"]
[WhiteElo "2104"]
[BlackElo "1128"]
[PlyCount "81"]
[EventDate "2011.04.20"]
[EventType "tourn (corr)"]
[EventRounds "10"]
[EventCountry "GER"]
[SourceTitle "Telechess CBM 157"]
[Source "ChessBase"]
[SourceDate "2013.11.12"]
[SourceVersion "1"]
[SourceVersionDate "2013.11.12"]
[SourceQuality "1"]

1. d4 d5 2. c4 c6 3. Nf3 Nf6 4. e3 e6 5. Bd3 Be7 6. Nc3 0-0 7. 0-0 Nbd7 8. b3 c5 9. cxd5 exd5 10. Bb2 a6 11. Rc1 b6 12. dxc5 bxc5 13. Na4 Bd6 14. Bf5 Bb7 15. Bxf6 Nxf6 16. Nxc5 Bc8 17. Bxc8 Rxc8 18. Qd4 Re8 19. Nb7 Qe7 20. Nxd6 Qxd6 21. Qb2 h6 22. Rc2 Rxc2 23. Qxc2 Ne4 24. Rc1 Qa3 25. Nd4 Nd6 26. Qc5 Qb2 27. Rf1 Nb5 28. Nxb5 axb5 29. Qxb5 Ra8 30. a4 d4 31. exd4 Qxd4 32. a5 Qd6 33. Qa4 Qa6 34. b4 Qc4 35. Ra1 Rb8 36. a6 Rc8 37. a7 Qc1+ 38. Qd1 Qc6 39. b5 Qb7 40. b6 Ra8 41. Qf3 1-0

[Event "BI-2010-F-00004"]
[Site "LSS email"]
[Date "2011.02.21"]
[Round "?"]
[White "Sadowski, Marek"]
[Black "Shelykalin, Vjacheslav"]
[Result "1/2-1/2"]
[WhiteElo "2255"]
[BlackElo "2080"]
[PlyCount "106"]
[EventDate "2011.02.24"]
[EventType "tourn (corr)"]
[EventRounds "10"]
[EventCountry "GER"]
[SourceTitle "Telechess CBM 157"]
[Source "ChessBase"]
[SourceDate "2013.11.12"]
[SourceVersion "1"]
[SourceVersionDate "2013.11.12"]
[SourceQuality "1"]

1. e4 c5 2. Nf3 d6 3. d4 cxd4 4. Nxd4 Nf6 5. Nc3 a6 6. Bg5 e6 7. f4 Qb6 8. Qd2 Qxb2 9. Rb1 Qa3 10. e5 h6 11. Bh4 dxe5 12. fxe5 g5 13. exf6 gxh4 14. Be2 Nd7 15. 0-0 Qa5 16. Kh1 Qg5 17. Rf4 e5 18. Nd5 exd4 19. Qxd4 Kd8 20. Rd1 h3 21. g3 Bd6 22. Bf3 Qe5 23. Qd2 a5 24. Re4 Qf5 25. Qe3 Ra6 26. Rc4 Qe6 27. Re4 Bc5 28. Qe2 Qf5 29. Bg4 Qf2 30. Qxf2 Bxf2 31. Ne7 Kc7 32. Nxc8 Nxf6 33. Re7+ Kb8 34. Bxh3 Rxc8 35. Bxc8 Kxc8 36. Rb1 Rd6 37. Rexb7 Nd7 38. R7b5 Bb6 39. Rf5 Nf6 40. c4 Bd8 41. Kg2 Kd7 42. Rbb5 Bc7 43. Kf3 Rc6 44. Rfc5 Ra6 45. Rb7 Ne8 46. Rd5+ Kc8 47. Rb3 Rc6 48. Re3 Ng7 49. Re7 Rf6+ 50. Kg2 Bb6 51. c5 Bd8 52. Re2 Rc6 53. Red2 Bc7 1/2-1/2

[Event "BI-2010-F-00004"]
[Site "LSS email"]
[Date "2011.02.21"]
[Round "?"]
[White "Shelykalin, Vjacheslav"]
[Black "Helmer, Janos"]
[Result "1-0"]
[WhiteElo "2080"]
[BlackElo "2099"]
[PlyCount "89"]
[EventDate "2011.02.24"]
[EventType "tourn (corr)"]
[EventRounds "10"]
[EventCountry "GER"]
[SourceTitle "Telechess CBM 157"]
[Source "ChessBase"]
[SourceDate "2013.11.12"]
[SourceVersion "1"]
[SourceVersionDate "2013.11.12"]
[SourceQuality "1"]

1. d4 Nf6 2. c4 g6 3. Nc3 Bg7 4. e4 d6 5. Nf3 0-0 6. Be2 e5 7. 0-0 Nc6 8. d5 Ne7 9. Ne1 Nd7 10. Be3 f5 11. f3 f4 12. Bf2 g5 13. Nd3 Nf6 14. c5 Ng6 15. Rc1 Rf7 16. Kh1 Bf8 17. Rg1 h5 18. a4 g4 19. Rc2 Bd7 20. b4 g3 21. hxg3 fxg3 22. Bxg3 h4 23. Bf2 Nh5 24. Qd2 Rh7 25. Be3 Ng3+ 26. Kh2 h3 27. Nf2 Nxe2 28. Qxe2 hxg2+ 29. Kxg2 Kh8 30. Kf1 Qf6 31. Nb5 dxc5 32. bxc5 c6 33. Bg5 Qf7 34. Nd6 Bxd6 35. dxc6 Bxc6 36. cxd6 Rf8 37. Ke1 Qb3 38. Qd3 Qxa4 39. Qc3 Bd7 40. Be7 Rc8 41. Bf6+ Kg8 42. Qxe5 Kf7 43. Qg5 Rg8 44. Qd5+ Be6 45. Rc7+ 1-0

[Event "LSS SB-2010-0-00128"]
[Site "LSS email"]
[Date "2011.01.13"]
[Round "?"]
[White "Shelykalin, Vjacheslav"]
[Black "Luethi, Hansjuerg"]
[Result "1-0"]
[WhiteElo "2062"]
[BlackElo "1652"]
[PlyCount "101"]
[EventDate "2010.12.19"]
[EventType "tourn (corr)"]
[EventRounds "6"]
[EventCountry "GER"]
[SourceTitle "Telechess CBM 149"]
[Source "ChessBase"]
[SourceDate "2012.07.17"]
[SourceVersion "1"]
[SourceVersionDate "2012.07.17"]
[SourceQuality "1"]

1. d4 d5 2. c4 dxc4 3. Nf3 c5 4. e3 cxd4 5. Bxc4 Qc7 6. Qb3 e6 7. exd4 Nf6 8. 0-0 Nc6 9. Nc3 a6 10. Bd3 Be7 11. Be3 0-0 12. Rac1 Rd8 13. Rfd1 b5 14. Ne4 Bb7 15. Ne5 Nd7 16. Nxc6 Bxc6 17. Bg5 Nb8 18. Bb1 h6 19. Be3 Nd7 20. d5 exd5 21. Ng3 Rac8 22. Nf5 Bf8 23. Bd4 g6 24. Qh3 Qf4 25. Be3 Qe5 26. Nxh6+ Bxh6 27. Qxh6 Qh8 28. Qg5 Qf6 29. Qg4 Qe6 30. Qh4 Re8 31. Qh6 Ne5 32. h3 Qf6 33. Bd4 Qg7 34. Qxg7+ Kxg7 35. f4 f6 36. fxe5 fxe5 37. Bf2 Ba8 38. Rxc8 Rxc8 39. Re1 e4 40. Bd4+ Kf7 41. Kf2 Bb7 42. Rf1 Rc7 43. Bc3 Ke6 44. Ke3 Rf7 45. Rxf7 Kxf7 46. g4 Ba8 47. a3 Ke6 48. Ba2 Ke7 49. h4 Kf7 50. h5 gxh5 51. gxh5 1-0

[Event "LSS RC-2010-0-00052"]
[Site "LSS email"]
[Date "2010.10.12"]
[Round "?"]
[White "Castrejon, Luis Carlos"]
[Black "Shelykalin, Vjacheslav"]
[Result "1/2-1/2"]
[WhiteElo "1700"]
[BlackElo "1714"]
[PlyCount "73"]
[EventDate "2010.07.18"]
[EventType "tourn (corr)"]
[EventRounds "6"]
[EventCountry "GER"]
[SourceTitle "Telechess CBM 143"]
[Source "ChessBase"]
[SourceDate "2011.07.15"]
[SourceVersion "1"]
[SourceVersionDate "2011.07.15"]
[SourceQuality "1"]

1. e4 c5 2. Nf3 d6 3. d4 cxd4 4. Nxd4 Nf6 5. Nc3 a6 6. h3 e6 7. g4 b5 8. g5 Nfd7 9. a3 Nb6 10. h4 N8d7 11. h5 Nc5 12. Be3 Nba4 13. Nxa4 Nxa4 14. b3 Nc5 15. Bg2 Bb7 16. Qg4 Rc8 17. g6 hxg6 18. hxg6 Rxh1+ 19. Bxh1 Qf6 20. gxf7+ Kxf7 21. b4 Nd7 22. f4 Rc7 23. 0-0-0 e5 24. fxe5 Nxe5 25. Qg2 Ke8 26. Rf1 Qh4 27. Bg5 Qh8 28. Kb1 Rf7 29. Rxf7 Nxf7 30. Bc1 g5 31. Nf5 Kd7 32. Qf1 Ne5 33. Qg1 Nc4 34. Bf3 Kc7 35. Qxg5 Qc3 36. Bg2 Nxa3+ 37. Bxa3 1/2-1/2

[Event "LSS RC-2010-0-00052"]
[Site "LSS email"]
[Date "2010.10.12"]
[Round "?"]
[White "Shelykalin, Vjacheslav"]
[Black "Steinert, Martin"]
[Result "1/2-1/2"]
[WhiteElo "1674"]
[BlackElo "1596"]
[PlyCount "48"]
[EventDate "2010.07.18"]
[EventType "tourn (corr)"]
[EventRounds "6"]
[EventCountry "GER"]
[SourceTitle "Telechess CBM 143"]
[Source "ChessBase"]
[SourceDate "2011.07.15"]
[SourceVersion "1"]
[SourceVersionDate "2011.07.15"]
[SourceQuality "1"]

1. d4 Nf6 2. c4 e6 3. Nf3 c5 4. d5 exd5 5. cxd5 d6 6. Nc3 Be7 7. e4 0-0 8. Be2 a6 9. a4 Bg4 10. Nd2 Bxe2 11. Qxe2 Nbd7 12. 0-0 b6 13. Nc4 Ne5 14. Nxe5 dxe5 15. b3 Ne8 16. Ba3 Nd6 17. a5 Nb5 18. Nxb5 axb5 19. Bb2 Bd6 20. Qxb5 bxa5 21. Bc3 Qb8 22. Qc4 Qc7 23. Rfe1 Rfe8 24. Ra4 Ra7 1/2-1/2

[Event "CP-2010-P-00034"]
[Site "LSS email"]
[Date "2010.09.28"]
[Round "?"]
[White "Dolgov, Igor Mikhailovich"]
[Black "Shelykalin, Vjacheslav"]
[Result "1/2-1/2"]
[WhiteElo "2236"]
[BlackElo "1715"]
[PlyCount "100"]
[EventDate "2010.10.01"]
[EventType "tourn (corr)"]
[EventRounds "6"]
[EventCountry "GER"]
[SourceTitle "Telechess CBM 143"]
[Source "ChessBase"]
[SourceDate "2011.07.15"]
[SourceVersion "1"]
[SourceVersionDate "2011.07.15"]
[SourceQuality "1"]

1. e4 c5 2. Nf3 d6 3. d4 cxd4 4. Nxd4 Nf6 5. Nc3 a6 6. Bg5 e6 7. f4 Qb6 8. Qd3 Qxb2 9. Rb1 Qa3 10. f5 Be7 11. fxe6 fxe6 12. Be2 Qa5 13. Bd2 Qc7 14. g4 h6 15. g5 hxg5 16. e5 dxe5 17. Nf3 Nc6 18. Qg6+ Kd7 19. Ne4 Nxe4 20. Qxe4 Bf6 21. 0-0 b5 22. Rfd1 Ke8 23. Nxg5 Bxg5 24. Qg6+ Qf7 25. Qxg5 Nd4 26. Bg4 Qf6 27. Rf1 Qxg5 28. Bxg5 Ra7 29. c3 Nf5 30. Rbe1 Kf7 31. Rxe5 Rc7 32. Rf3 Kg6 33. Bxf5+ exf5 34. Rg3 Kf7 35. Rge3 Rg8 36. Re7+ Rxe7 37. Rxe7+ Kg6 38. h4 Kh5 39. Kf2 Kg4 40. a3 f4 41. c4 bxc4 42. Re4 Rf8 43. Rxc4 Bd7 44. Rc7 Rf7 45. Ra7 Be8 46. Rxa6 Rb7 47. Re6 Rb2+ 48. Re2 Rxe2+ 49. Kxe2 Kg3 50. Kf1 Bb5+ 1/2-1/2

[Event "CP-2010-P-00034"]
[Site "LSS email"]
[Date "2010.09.28"]
[Round "?"]
[White "Shelykalin, Vjacheslav"]
[Black "Hillebrand, Carsten"]
[Result "1-0"]
[WhiteElo "2039"]
[BlackElo "1669"]
[PlyCount "27"]
[EventDate "2010.10.01"]
[EventType "tourn (corr)"]
[EventRounds "6"]
[EventCountry "GER"]
[SourceTitle "Corr 2015"]
[Source "ChessBase"]
[SourceDate "2015.07.17"]
[SourceVersion "1"]
[SourceVersionDate "2015.07.17"]
[SourceQuality "1"]

1. d4 Nf6 2. c4 g6 3. Nf3 Bg7 4. Nc3 0-0 5. e4 d6 6. Be2 e5 7. 0-0 Nc6 8. d5 Ne7 9. Ne1 Nd7 10. Nd3 f5 11. f3 Kh8 12. Bg5 Nf6 13. Qd2 f4 14. Bh4 1-0

[Event "LSS SC-2010-0-00072"]
[Site "LSS email"]
[Date "2010.08.31"]
[Round "?"]
[White "Baum, Frank Christian"]
[Black "Shelykalin, Vjacheslav"]
[Result "0-1"]
[WhiteElo "1369"]
[BlackElo "1615"]
[PlyCount "38"]
[EventDate "2010.08.07"]
[EventType "tourn (corr)"]
[EventRounds "6"]
[EventCountry "GER"]
[SourceTitle "Telechess CBM 143"]
[Source "ChessBase"]
[SourceDate "2011.07.15"]
[SourceVersion "1"]
[SourceVersionDate "2011.07.15"]
[SourceQuality "1"]

1. e4 c5 2. Nc3 d6 3. g3 Nf6 4. Bg2 Nc6 5. f4 g6 6. Nf3 Bg7 7. d3 0-0 8. 0-0 Rb8 9. a4 b6 10. h3 Bb7 11. Kh2 Qd7 12. Qe1 Rbd8 13. g4 Nb4 14. Qe2 Ne8 15. e5 Bxf3 16. Bxf3 dxe5 17. fxe5 Nc7 18. Re1 Ne6 19. Nd1 Nd4 0-1

[Event "LSS SC-2010-0-00072"]
[Site "LSS email"]
[Date "2010.08.31"]
[Round "?"]
[White "Shelykalin, Vjacheslav"]
[Black "Varend, Erik"]
[Result "1/2-1/2"]
[WhiteElo "1832"]
[BlackElo "1761"]
[PlyCount "66"]
[EventDate "2010.08.07"]
[EventType "tourn (corr)"]
[EventRounds "6"]
[EventCountry "GER"]
[SourceTitle "Telechess CBM 147"]
[Source "ChessBase"]
[SourceDate "2012.03.16"]
[SourceVersion "1"]
[SourceVersionDate "2012.03.16"]
[SourceQuality "1"]

1. d4 Nf6 2. c4 c6 3. Nf3 d5 4. e3 Bf5 5. Nc3 e6 6. Nh4 Bg6 7. Nxg6 hxg6 8. h3 g5 9. Be2 Bb4 10. Qb3 Qa5 11. Bd2 Nbd7 12. cxd5 exd5 13. 0-0 0-0-0 14. Nb5 Bxd2 15. Nd6+ Kc7 16. Nxb7 Qb6 17. Nxd8 Rxd8 18. Qc2 Bb4 19. Rac1 Bd6 20. Rfd1 Rc8 21. Rd3 Kd8 22. Rb3 Qa5 23. Rb7 Ke7 24. a4 Rb8 25. b4 Bxb4 26. Qxc6 Rxb7 27. Qxb7 Qxa4 28. Bb5 Qa5 29. Bxd7 Nxd7 30. g3 Bd6 31. Kg2 a6 32. Rc6 Qb5 33. Qxa6 Qxa6 1/2-1/2

[Event "LSS RD-2010-0-00033"]
[Site "LSS email"]
[Date "2010.08.01"]
[Round "?"]
[White "Campbell, Iain S"]
[Black "Shelykalin, Vjacheslav"]
[Result "1/2-1/2"]
[WhiteElo "1532"]
[BlackElo "1593"]
[PlyCount "40"]
[EventDate "2010.02.19"]
[EventType "tourn (corr)"]
[EventRounds "6"]
[EventCountry "GER"]
[SourceTitle "Telechess CBM 141"]
[Source "ChessBase"]
[SourceDate "2011.03.17"]
[SourceVersion "1"]
[SourceVersionDate "2011.03.17"]
[SourceQuality "1"]

1. d4 Nf6 2. c4 e6 3. g3 c5 4. d5 exd5 5. cxd5 b5 6. Nf3 Bb7 7. e4 Nxe4 8. Bg2 Be7 9. 0-0 0-0 10. Re1 f5 11. Nc3 Nxc3 12. bxc3 Bf6 13. Rb1 a6 14. c4 d6 15. cxb5 axb5 16. Rxb5 Ba6 17. Rb1 Bc4 18. a3 Ba2 19. Rb5 Bc4 20. Rb1 Ba2 1/2-1/2